000 01797nam a2200373 a 4500
001 ebr10392152
003 CaPaEBR
006 m u
007 cr cn|||||||||
008 100318s2010 vtua sb 001 0 eng
010 _z 2010007091
020 _z9780754674917 (hardback)
020 _z9781409408482 (e-book)
040 _aCaPaEBR
_cCaPaEBR
035 _a(OCoLC)649908996
050 1 4 _aHV41
_b.E964 2010eb
082 0 4 _a361.0068
_222
100 1 _aEvans, Antony.
245 1 0 _aProfessional discretion in welfare services
_h[electronic resource] :
_bbeyond street-level bureaucracy /
_cTony Evans.
260 _aBurlington, Vt. :
_bAshgate,
_cc2010.
300 _a185 p. :
_bill.
490 1 _aContemporary social work studies
504 _aIncludes bibliographical references and index.
505 0 _aThe street-level bureaucracy perspective and discretion -- Social services street-level bureaucracies -- Management and professionals : arguments and perspectives on discretion -- Researching discretion : the case study outlined -- "Managers" are they all the same? -- Senior managers and the remote control of practice -- Local managers and practitioners : conflict or collaboration in supervision?
533 _aElectronic reproduction.
_bPalo Alto, Calif. :
_cebrary,
_d2011.
_nAvailable via World Wide Web.
_nAccess may be limited to ebrary affiliated libraries.
650 0 _aSocial work administration.
650 0 _aAdministrative discretion.
650 0 _aSocial workers.
650 0 _aSocial service.
655 7 _aElectronic books.
_2local
710 2 _aebrary, Inc.
830 0 _aContemporary social work studies.
856 4 0 _uhttp://site.ebrary.com/lib/rucke/Doc?id=10392152
_zAn electronic book accessible through the World Wide Web; click to view
999 _c90305
_d90305